| 000 | 00614nam a2200205Ia 4500 | ||
|---|---|---|---|
| 003 | OSt | ||
| 005 | 20251104144211.0 | ||
| 008 | 210210b1999 xxu||||| |||| 00| 0 eng d | ||
| 040 | _cAL | ||
| 041 | _aKannada | ||
| 082 | _aK894.109 SHAH | ||
| 100 |
_aSHANKARAYYA MATADA. _dಶಂಕರಯ್ಯ ಮಾತಾಡ _9243806 |
||
| 245 |
_aHariharana basava parisara. _b ಹರಿಹರನ ಬಸವ ಪರಿಸರ. |
||
| 260 |
_aRayachuru _bShri Shankara Prakashana _c1999 |
||
| 300 | _aviii,84 | ||
| 650 |
_aRagale _9243807 |
||
| 690 |
_aKannada Poetry Criticism _9243808 |
||
| 906 | _aSG04272 | ||
| 942 |
_2ddc _cBK |
||
| 999 |
_c114776 _d114776 |
||